Every Scottish player in Rugby World Cup 2023 - Statistics

General Stats
  • This quiz has been taken 36 times
  • The average score is 22 of 35
Answer Stats
Caps Position Club/province Answer % Correct
72 Fly-half Bath Finn Russell
100%
31 Wing Edinburgh Duhan van der Merwe
93%
17 Scrum-half Toulon Ben White
86%
35 Wing Edinburgh Darcy Graham
86%
39 Centre Glasgow Warriors Huw Jones
86%
36 Back row Glasgow Warriors Matt Fagerson
86%
75 Lock Glasgow Warriors Richie Gray
86%
59 Prop Glasgow Warriors Zander Fagerson
86%
46 Fullback Edinburgh Blair Kinghorn
82%
43 Back row Edinburgh Jamie Ritchie
79%
58 Back row Edinburgh Hamish Watson
75%
63 Scrum-half Glasgow Warriors Ali Price
71%
37 Hooker Glasgow Warriors George Turner
68%
65 Lock Edinburgh Grant Gilchrist
68%
23 Prop Edinburgh Pierre Schoeman
68%
19 Centre Glasgow Warriors Sione Tuipulotu
64%
23 Scrum-half Glasgow Warriors George Horne
61%
12 Back row Glasgow Warriors Jack Dempsey
61%
13 Wing Glasgow Warriors Kyle Steyn
61%
29 Lock Glasgow Warriors Scott Cummings
61%
7 Centre Bath Cameron Redpath
57%
44 Centre Gloucester Chris Harris
57%
9 Hooker Edinburgh Ewan Ashman
57%
11 Back row Glasgow Warriors Rory Darge
54%
56 Prop Edinburgh WP Nel
54%
10 Hooker Edinburgh Dave Cherry
46%
3 Fly-half Edinburgh Ben Healy
43%
32 Prop Glasgow Warriors Jamie Bhatti
43%
49 Hooker Edinburgh Stuart McInally
43%
6 Fullback Glasgow Warriors Ollie Smith
39%
25 Prop Oyonnax Rory Sutherland
39%
0 Hooker Glasgow Warriors Johnny Matthews
29%
28 Lock Edinburgh Sam Skinner
25%
6 Prop Edinburgh Javan Sebastian
21%
5 Back row Edinburgh Luke Crosbie
21%
No matching quizzes found
Score Distribution
Percent of People with Each Score
Percentile by Number Answered
Your Score History
You have not taken this quiz